| 000 | 01371nam a22002532i 4500 | ||
|---|---|---|---|
| 003 | AM-YeHGA | ||
| 005 | 20250617154717.0 | ||
| 008 | 180829s1948 ru |||||r|||||000|1|rus|| | ||
| 040 | _aAM-YeHGA | ||
| 041 | 1 |
_arus _htuk |
|
| 100 | 0 | _aМахтумкули | |
| 245 | 0 | 0 |
_aИзбранные стихи / _cМахтум-Кули (Фраги) ; Пер. с туркм. [А. Тарковского, и др.] ; Под ред. А. Дейча ; Предисл. Е. Бертельса ["Махтум-Кули", с. 5-10] ; [Коммент. Л. Климович]. |
| 260 |
_aМосква : _bГосполитиздат, _c1948 |
||
| 300 |
_a376 с. ; _c21 см. |
||
| 505 | 2 | _aРазделы: Книга Фраги ; Книга Менгли ; Книга мира ; Книга Родины | |
| 600 | 0 | 4 | _aМахтумкули |
| 650 | 1 | 4 |
_aХудожественная литература _xМахтумкули, 18 в. - Творчество |
| 700 | 1 |
_aТарковский, Арсений Александрович _d1907-1989 _eпер. _4trl |
|
| 700 | 1 |
_aДейч, Александр Иосифович _d1893-1972 _eред. _4edt |
|
| 700 | 1 |
_aБертельс, Евгений Эдуардович _d1890-1957 _eавт., предисл. _4aut _4aui |
|
| 700 | 1 |
_aКлимович, Люциан Ипполитович _d1907-1989 |
|
| 942 |
_2udc _cBK |
||
| 090 | _c420440 | ||
| 999 |
_c418061 _d418061 |
||